Química general e inorgánica /

Guardado en:
Autor Principal: Fernández Serventi Héctor
Formato: Libro
Publicado: Buenos Aires : Losada, 1980
Edición:17a. ed.
Materias:
Etiquetas: Agregar Etiqueta
Sin Etiquetas, Sea el primero en etiquetar este registro!
LEADER 00769nam a22002175a 4500
001 CEM.cems002449
005 20060220000000.0
008 130507s1980##################000#0#####d
003 CEMS
082 0 4 |a 540 
100 1 |a Fernández Serventi Héctor 
245 1 0 |a Química general e inorgánica / 
250 |a 17a. ed. 
260 |a Buenos Aires :  |b Losada,  |c 1980 
300 |a 303 p. 
653 |a Quimica 
859 |a CEMS  |b BIB. CEMS - 11 de abril  |h 540  |i F391a17/I  |p 12739.83  |t Ej.5 
859 |a CEMS  |b BIB. CEMS - 11 de abril  |h 540  |i F391a17/I  |p 7922.80  |t Ej.1 
859 |a CEMS  |b BIB. CEMS - 11 de abril  |h 540  |i F391a17/I  |p 7923.80  |t Ej.2 
859 |a CEMS  |b BIB. CEMS - 11 de abril  |h 540  |i F391a17/I  |p 9320.81  |t Ej.3 
859 |a CEMS  |b BIB. CEMS - 11 de abril  |h 540  |i F391a17/I  |p 9321.81  |t Ej.4